000 01010cam a2200337Ia 4500
001 93514
005 20230410132923.0
008 071115s19779999sp rb 001 0 spa
035 _a(OCoLC)ocn181354861
040 _aUIA
_bspa
_cUIA
_dYDXCP
_dOCLCQ
020 _a8424903358
020 _a9788424903350
035 _a(OCoLC)181354861
050 1 4 _aB 171
_bB582 1977
049 _aGRAL
100 1 _aOrosio.
130 1 _aBiblioteca Clásica Gredos.
245 1 0 _aHistorias :
_bLibros I-IV /
_cOrosio ; traducción y notas de Eustaquio Sánchez Salor.
260 _aMadrid :
_bGredos,
_c1977.
300 _a358 p. ;
_c19 cm.
440 0 _aBiblioteca clásica Gredos ;
_vn.53
504 _aIncluye referencias bibliográficas e índice.
505 0 _aLibros I-IV.
650 0 _aPhilosophy, Classical.
650 0 _aPhilosophy, Ancient.
700 1 _aSánchez Salor, Eustaquio.
938 _aYBP Library Services
_bYANK
_n2649724
942 _2lcc
_cbk
946 _amjcruz
994 _aC0
_bDRFGD
999 _c90210
_d90210